Semantics of Gender Marked Nominations of Person in English
Význam patriarchálnej spoločnosti vo vývoji anglicky hovoriaceho sveta. Kategórie rodu (gram. kateg.) a ich premenlivý status. Rola a úloha rodu ako súčasť významu slova.
Salvato in:
| Autore principale: | |
|---|---|
| Natura: | Capitolo di libro |
| Lingua: | inglese |
| Soggetti: | |
| Tags: |
Nessun Tag, puoi essere il primo ad aggiungerne!!
|
MARC
| LEADER | 00000naa a2200000 4500 | ||
|---|---|---|---|
| 001 | 0191318 | ||
| 005 | 20240502083443.8 | ||
| 041 | 0 | |a eng | |
| 044 | |a CZ | ||
| 245 | 1 | 0 | |a Semantics of Gender Marked Nominations of Person in English |c Mariana Schmidtová |
| 520 | |a Význam patriarchálnej spoločnosti vo vývoji anglicky hovoriaceho sveta. Kategórie rodu (gram. kateg.) a ich premenlivý status. Rola a úloha rodu ako súčasť významu slova. | ||
| 610 | 2 | 0 | |a sémantika |
| 610 | 2 | 0 | |a sémantika |
| 610 | 2 | 0 | |a angličtina |
| 610 | 2 | 0 | |a gramatika |
| 610 | 2 | 0 | |a slovotvorba |
| 610 | 2 | 0 | |a nemčina |
| 100 | 1 | |a Schmidtová, Mariana | |